[Event "Pan American-ch School U11 12th"]
[Site "Callao"]
[Date "2023.10.20"]
[Round "8"]
[White "Yupanqui Zapata, Rodrigo"]
[Black "Alvarado Torres, Sandro Santiago Nic"]
[Result "1-0"]
[WhiteElo "1205"]
[BlackElo "1037"]
[PlyCount "33"]
[EventDate "2023.10.16"]
[EventType "swiss"]
[EventRounds "9"]
[EventCountry "PER"]
[SourceTitle "CBM 217 Extra"]
[Source "ChessBase"]
[SourceDate "2024.01.31"]
[SourceVersion "1"]
[SourceVersionDate "2024.01.31"]
[SourceQuality "1"]

1. e4 c5 2. Nf3 d6 3. d4 cxd4 4. Nxd4 Nf6 5. Nc3 a6 6. Bg5 e6 7. f4 h6 8. Bh4 Qb6 9. a3 Be7 10. Be2 Qc7 11. Bd3 Nbd7 12. h3 b5 13. g4 Bb7 14. Rg1 Nc5 15. Qe2 g6 16. f5 e5 17. Nf3 1-0

[Event "Pan American-ch School U11 12th"]
[Site "Callao"]
[Date "2023.10.19"]
[Round "6"]
[White "Ortega Rueda, Nicolas"]
[Black "Alvarado Torres, Sandro Santiago Nic"]
[Result "1-0"]
[WhiteElo "1198"]
[BlackElo "1037"]
[PlyCount "67"]
[EventDate "2023.10.16"]
[EventType "swiss"]
[EventRounds "9"]
[EventCountry "PER"]
[SourceTitle "CBM 217 Extra"]
[Source "ChessBase"]
[SourceDate "2024.01.31"]
[SourceVersion "1"]
[SourceVersionDate "2024.01.31"]
[SourceQuality "1"]

1. e4 c5 2. d4 cxd4 3. c3 Nf6 4. e5 Nd5 5. cxd4 Nc6 6. Nf3 e6 7. Be2 d6 8. Bb5 Qa5+ 9. Nc3 Nxc3 10. Bxc6+ bxc6 11. bxc3 Qxc3+ 12. Bd2 Qd3 13. Be3 Qxd1+ 14. Rxd1 Ba6 15. Rc1 Rd8 16. Nd2 d5 17. Nb3 Bb4+ 18. Bd2 Ba3 19. Rc2 0-0 20. f4 Bb5 21. Kf2 f5 22. Bc1 Bb4 23. a3 Be7 24. Nc5 Bxc5 25. Rxc5 a5 26. Bd2 a4 27. Rhc1 Kf7 28. Bb4 Bc4 29. R5xc4 dxc4 30. Bxf8 Kxf8 31. Rxc4 Rc8 32. Rxa4 Kf7 33. g3 h5 34. h4 1-0

[Event "Pan American-ch School U11 12th"]
[Site "Callao"]
[Date "2023.10.18"]
[Round "5"]
[White "Alvarado Torres, Sandro Santiago Nic"]
[Black "Navarro Costa, Alejandro Mauricio"]
[Result "1/2-1/2"]
[WhiteElo "1037"]
[BlackElo "1269"]
[PlyCount "78"]
[EventDate "2023.10.16"]
[EventType "swiss"]
[EventRounds "9"]
[EventCountry "PER"]
[SourceTitle "CBM 217 Extra"]
[Source "ChessBase"]
[SourceDate "2024.01.31"]
[SourceVersion "1"]
[SourceVersionDate "2024.01.31"]
[SourceQuality "1"]

1. e4 c5 2. Nf3 e6 3. d4 cxd4 4. Nxd4 a6 5. Nc3 Nc6 6. g3 Qc7 7. Bg2 Nf6 8. 0-0 d6 9. Nxc6 bxc6 10. Re1 Nd7 11. Na4 Be7 12. c4 0-0 13. Be3 Rb8 14. f4 e5 15. f5 c5 16. b3 Bb7 17. Nc3 Nf6 18. Bg5 Rfd8 19. Bxf6 Bxf6 20. Nd5 Bxd5 21. Qxd5 a5 22. Rad1 Rb4 23. Qd3 a4 24. Re2 axb3 25. axb3 Be7 26. Ra1 Qb7 27. Ra3 Ra8 28. Rxa8+ Qxa8 29. Qc2 Qa1+ 30. Kf2 g6 31. g4 Bh4+ 32. Kf3 Rb6 33. Rd2 Bg5 34. Rd1 Qa3 35. Rd3 Kg7 36. Qd1 gxf5 37. gxf5 h6 38. Bf1 Qa2 39. Be2 Qb2 1/2-1/2

[Event "Pan American-ch School U11 12th"]
[Site "Callao"]
[Date "2023.10.17"]
[Round "3"]
[White "Alvarado Torres, Sandro Santiago Nic"]
[Black "Urpeque Guzman, Zayaka Isabel"]
[Result "1/2-1/2"]
[WhiteElo "1037"]
[BlackElo "1147"]
[PlyCount "51"]
[EventDate "2023.10.16"]
[EventType "swiss"]
[EventRounds "9"]
[EventCountry "PER"]
[SourceTitle "CBM 217 Extra"]
[Source "ChessBase"]
[SourceDate "2024.01.31"]
[SourceVersion "1"]
[SourceVersionDate "2024.01.31"]
[SourceQuality "1"]

1. e4 e6 2. Qe2 Nc6 3. Nf3 Bc5 4. Nc3 Nge7 5. d3 b6 6. g3 Bb7 7. Bg2 d5 8. exd5 Nxd5 9. Bd2 Nxc3 10. Bxc3 Bd4 11. 0-0 Qd5 12. Nh4 Qc5 13. Qd2 Bxc3 14. Qxc3 Qxc3 15. bxc3 0-0-0 16. Rfe1 Ne7 17. c4 h6 18. Rad1 g5 19. Nf3 Nf5 20. c3 Rhe8 21. Ne5 Re7 22. Bxb7+ Kxb7 23. Re4 f6 24. Ng4 Nd6 25. Re2 f5 26. Ne5 1/2-1/2

[Event "Pan American-ch School U11 12th"]
[Site "Callao"]
[Date "2023.10.16"]
[Round "2"]
[White "Lavado Ladera, Cris Adrian"]
[Black "Alvarado Torres, Sandro Santiago Nic"]
[Result "1/2-1/2"]
[WhiteElo "1070"]
[BlackElo "1037"]
[PlyCount "65"]
[EventDate "2023.10.16"]
[EventType "swiss"]
[EventRounds "9"]
[EventCountry "PER"]
[SourceTitle "CBM 217 Extra"]
[Source "ChessBase"]
[SourceDate "2024.01.31"]
[SourceVersion "1"]
[SourceVersionDate "2024.01.31"]
[SourceQuality "1"]

1. e4 c5 2. Nf3 d6 3. d4 cxd4 4. Nxd4 Nf6 5. Nc3 a6 6. Bc4 e6 7. 0-0 Qc7 8. Bb3 Nbd7 9. Bg5 Be7 10. f4 h6 11. Bh4 b6 12. Re1 Bb7 13. e5 dxe5 14. fxe5 Nxe5 15. Bxf6 Bxf6 16. Qh5 g6 17. Qh3 0-0-0 18. Nxe6 fxe6 19. Qxe6+ Nd7 20. Bd5 Bxd5 21. Nxd5 Qc5+ 22. Kh1 Rhe8 23. Qxe8 Rxe8 24. Rxe8+ Kb7 25. Nxf6 Nxf6 26. Re6 Nd7 27. c3 Qg5 28. Rae1 a5 29. Re7 Kc6 30. h3 Nc5 31. R7e5 Qd2 32. R5e2 Qg5 33. Re3 1/2-1/2